GATE Computer Science And Information Technology (Record no. 215389)

MARC details
000 -LEADER
fixed length control field 00512nam a2200169Ia 4500
008 - FIXED-LENGTH DATA ELEMENTS--GENERAL INFORMATION
fixed length control field 230714s9999 xx 000 0 und d
020 ## - INTERNATIONAL STANDARD BOOK NUMBER
International Standard Book Number 9790000000000
041 ## - LANGUAGE CODE
Language code of text/sound track or separate title eng
082 ## - DEWEY DECIMAL CLASSIFICATION NUMBER
Classification number 004
Item number RED
100 ## - MAIN ENTRY--PERSONAL NAME
Personal name Reddy E.S.
9 (RLIN) 197582
245 ## - TITLE STATEMENT
Title GATE Computer Science And Information Technology
Remainder of title The Complete Reference
260 ## - PUBLICATION, DISTRIBUTION, ETC. (IMPRINT)
Date of publication, distribution, etc. 2012
Name of publisher, distributor, etc. BS Publications
300 ## - PHYSICAL DESCRIPTION
Extent 1425
365 ## - TRADE PRICE
Currency code Rs.
Price amount 895.00
700 ## - ADDED ENTRY--PERSONAL NAME
Personal name Reddy E.S. & Ramesh J.V.N.
9 (RLIN) 197583
906 ## - LOCAL DATA ELEMENT F, LDF (RLIN)
d O:0453422-Jul-2015B:IN 57710-Jul-2015
c COMP
b 895

No items available.